Our Father Latin (Pater Noster) - Statistics

General Stats
  • This quiz has been taken 403 times
  • The average score is 31 of 50
Answer Stats
Answer % Correct
PATER
99%
nos
96%
nos
96%
nos
96%
NOSTER,
94%
es
89%
in
89%
in
89%
in
89%
in
89%
qui
85%
a
82%
nomen
75%
et
71%
et
71%
et
71%
Et
71%
tuum.
70%
tuum.
70%
caelis,
69%
terra .
69%
regnum
63%
caelo
62%
Panem
62%
Amen.
58%
tua,
58%
nostrum
57%
sicut
56%
sicut
56%
Adveniat
55%
nobis
55%
nobis
55%
da
54%
voluntas
54%
Fiat
52%
hodie,
50%
sanctificetur
50%
malo.
49%
nostra
46%
libera
44%
sed
42%
ne
40%
debita
39%
nostris.
38%
tentationem,
38%
debitoribus
37%
inducas
37%
dimitte
33%
dimittimus
33%
quotidianum
32%
No matching quizzes found
Score Distribution
Percent of People with Each Score
Percentile by Number Answered
Your Score History
You have not taken this quiz